Statistiken für Berühmte Spanier

Klicken Sie hier um das Quiz zu spielen!

Allgemein

  • Dieses Quiz wurde 74 mal gespielt
  • Das Durchschnittsergebnis liegt bei 10 aus 20

Antwortstatistiken

HintAntwort% Korrekt
General und Diktator von 1936 bis 1975Francisco Franco
90%
Maler (u.a. Kubismus): Guernica, Les Demoiselles d’AvignonPablo Picasso
87%
Surrealistischer Maler und Regisseur mit exzentrischem Schnauzbart: Die Beständigkeit der ErinnerungSalvador Dalí
82%
Sänger: Me Olvide de Vivir, Hey, Je N'Ai Pas Changé, Sohn Enrique ist ebenfalls bekannter SängerJulio Iglesias
78%
Tennisspieler, 20 Grand-Slam-Siege, SandplatzspezialistRafael Nadal
75%
König Spaniens von 1975 bis 2014, wichtiger Rolle bei der Demokatisierung SpaniensJuan Carlos
67%
Formel-1-Pilot: 05 und 06 Weltmeister mit Renault; 10, 12 und 13 Vizeweltmeister mit FerarriFernando Alonso
57%
Fußballtrainer und Spieler: Als Spieler 90-01 bei Barca; Als Trainer 08-12 bei Barca, 13-16 bei Bayern, seitdem bei Manchester CityPep Guardiola
57%
Fußballtorhüter: 99-15 bei Real Madrid, 15-20 bei Porto, Kapitän der spanischen NationalmannschaftIker Casillas
53%
Königin, deren Ehe mit Ferdinand von Aragon Spanien vereinigte, schloß die Reconquista ab, schickte Kolumbus nach AmerikaIsabella von Kastilien
52%
Schriftsteller, Schöpfer des Don QuixoteMiguel de Cervantes
47%
Architekt der Sagrada Familia Kathedrale in Barcelona, Casa Milà, Casa VicensAntoni Gaudí
43%
Schauspielerin: Vicky Cristina Barcelona, Bandidas, Volver, Fanfan der Husar, Zerrissene UmarmungenPenélope Cruz
42%
Opernsänger, neben Pavarotti und Carreras Teil der Drei TenörePlácido Domingo
42%
Fußballstürmer: 01-07/15-18 bei Athletico Madrid, 07-11 bei Liverpool, 11-14 bei Chelsea, schoss bei der EM 08 das Finalsiegtor gegen DeutschlandFernando Torres
38%
Spanischer Nationalheld, Ritter und Söldnerführer aus der Zeit des ReconquistaEl Cid
37%
Konquistator, welcher das Inkareich zu Fall bringen konnteFrancisco Pizarro
32%
Maler: Die nackte Maja, Die Erschießung der Aufständischen, Die Familie Karls IV.Francisco de Goya
28%
Konquistator, welcher Tenochtitlan erobern und das Atztekenreich zu Fall bringen konnteHernán Cortés
28%
Gründer des Jesuitenordens und treibende Kraft der GegenreformationIgnatius von Loyola
10%

Verteilung der Resultate

Perzentil nach korrekt beantworteten Fragen

Anzahl Personen mit jedem Resultat

Ihre Resultats-Entwicklung

Sie haben dieses Quiz noch nicht gespielt